| 000 | 00504nam a2200181Ia 4500 | ||
|---|---|---|---|
| 008 | 240925s9999 xx 000 0 und d | ||
| 020 | _a8129700441 | ||
| 082 | _a572.80285 KRA | ||
| 100 | _aKrane ,Dan E.; Raymer ,Michael L. | ||
| 245 | 0 | _aFundamental Concepts of Bioinformations | |
| 250 | _a3rd | ||
| 260 |
_aSingapore: _bPearson education _c,2003. |
||
| 300 |
_axxxi,524p. _bNA _fOriginal |
||
| 500 | _aIncludes Index | ||
| 600 | _aHumanities & Natural Science | ||
| 650 | _aBiology | ||
| 942 | _cBK | ||
| 999 |
_c9102 _d9102 |
||